[Event "Olkhovskiy Memorial rapid"]
[Site "Vinnytsia"]
[Date "2016.04.23"]
[Round "4"]
[White "Razin, Vadim"]
[Black "Horobets, Andriy"]
[Result "1-0"]
[WhiteElo "2345"]
[BlackElo "2035"]
[PlyCount "49"]
[EventDate "2016.04.23"]
[EventType "swiss (rapid)"]
[EventRounds "13"]
[EventCountry "UKR"]
[SourceTitle "CBM 172 Extra"]
[Source "ChessBase"]
[SourceDate "2016.06.21"]
[SourceVersion "1"]
[SourceVersionDate "2016.06.21"]
[SourceQuality "1"]

1. d4 Nf6 2. Nf3 c5 3. d5 e6 4. Nc3 d6 5. e4 exd5 6. exd5 g6 7. Bf4 a6 8. a4 Qe7+ 9. Be2 Bg7 10. 0-0 0-0 11. Re1 Qc7 12. Nd2 Bf5 13. Nc4 Rd8 14. Bf3 Nh5 15. Bxh5 gxh5 16. Qxh5 Bxc2 17. Ne4 Nd7 18. Bxd6 Qc8 19. Be7 Bxe4 20. Rxe4 Nf6 21. Bxf6 Bxf6 22. Rg4+ Kh8 23. Rf4 Bg7 24. Nb6 Qc7 25. Rh4 1-0

[Event "Olkhovskiy Memorial rapid"]
[Site "Vinnytsia"]
[Date "2016.04.23"]
[Round "2"]
[White "Solovchuk, Alexey"]
[Black "Horobets, Andriy"]
[Result "1-0"]
[WhiteElo "2391"]
[BlackElo "2035"]
[PlyCount "51"]
[EventDate "2016.04.23"]
[EventType "swiss (rapid)"]
[EventRounds "13"]
[EventCountry "UKR"]
[SourceTitle "CBM 172 Extra"]
[Source "ChessBase"]
[SourceDate "2016.06.21"]
[SourceVersion "1"]
[SourceVersionDate "2016.06.21"]
[SourceQuality "1"]

1. c4 Nf6 2. Nf3 c5 3. g3 d5 4. cxd5 Nxd5 5. Nc3 Nc7 6. Bg2 Nc6 7. 0-0 e5 8. d3 Be7 9. Nd2 Bd7 10. Nc4 f6 11. f4 exf4 12. Bxf4 0-0 13. Qb3 Ne6 14. Qxb7 Nxf4 15. Bxc6 Bxc6 16. Qxc6 Rc8 17. Qe4 Ng6 18. Qd5+ Kh8 19. Qxd8 Rfxd8 20. b3 Rd7 21. Rac1 Rcd8 22. Ne4 Rd5 23. Ne3 Re5 24. Rf5 Nf8 25. Rxe5 fxe5 26. Nf5 1-0